000 00291nam a22001337a 4500
008 170908b xxu||||| |||| 00| 0 eng d
020 _a2900471303564
041 _aeng
080 _a91
100 _a42
101 _aGEO
245 _aENVIRONMENTAL GEOLOGY
_cMURCK.B.W
942 _2udc
_cBK
999 _c26905
_d26905